LEADER 01079nam2-2200373---450 001 990005617630203316 005 20200608161635.0 035 $a000561763 035 $aUSA01000561763 035 $a(ALEPH)000561763USA01 035 $a000561763 100 $a20000523d1983----|||y0itaa50------ba 101 $aita 102 $ait 105 $a0 00||| 200 1 $a<<12: >> Diario 1854 - 1855$fSoren Kierkegaard. Indici$fa cura di Cornelio Fabro 210 $aBrescia$cMorcelliana$d1983 215 $a215 p.$d22 cm 461 0$1001000561751$12001$aDiario$v12 620 $dBRESCIA 676 $a198.9 700 1$aKIERKEGAARD,$bSøren$0437056 702 1$aFABRO,$bCornelio 801 0$aIT$bSA$c20111219 912 $a990005617630203316 950 0$aDipar.to di Filosofia - Salerno$dDFAA 198.9 KIE$e3177 FIL 951 $aAA 198.9 KIE$b3177 FIL 959 $aBK 969 $aFIL 979 $c20121027$lUSA01$h1525 979 $aBATCH-UPD$b00$c20121027$lUSA01$h1542 979 $c20121027$lUSA01$h1614 996 $aDiario 1854 - 1855$91133536 997 $aUNISA LEADER 01016nam2-2200301---450 001 990005715590403321 005 20251120104540.0 035 $a000571559 100 $a19990604d1914----km-y0itay50------ba 101 0 $aita$alat 102 $aIT 105 $ay-------001yy 200 1 $a<<8.: Le >>pergamene di Barletta$earchivio Capitolare, 897-1285$fper Francesco Nitti di Vito 210 $aBari$c[V. Vecchi]$d1914 215 $aLXXXVII, 508 p.$c[6] c. di tav.$d31 cm 461 0$1001000571494$12001$aCodice diplomatico barese$fedito a cura della Commissione Provinciale di Archeologia e Storia Patria$v8 610 0 $aPuglia$aStoria$aFonti archivistiche$aSec. 9.-13. 676 $a091 676 $a945.751 702 1$aNitti,$bFrancesco$f 712 02$aArchivio capitolare di Barletta 801 0$aIT$bUNINA$gRICA$2UNIMARC 901 $aBK 912 $a990005715590403321 952 $a7/III F 50$bbibl.18992$fFLFBC 959 $aFLFBC 996 $aPergamene di Barletta$9574256 997 $aUNINA